Một số giải pháp quản lý hoạt động liên kết đào tạo ở trường đại học Đồng Tháp Luận văn thạc sĩ Khoa học giáo dục. Chuyên ngành: Quản lý giáo dục . Mã số: 60 14 05

Saved in:
Bibliographic Details
Main Author: Văn, Thị Huyền
Other Authors: Nguyễn, Văn Đệ (Hướng dẫn)
Format: Thesis Kit Book
Language:Vietnamese
Published: Nghệ An Đại học Vinh 2012
Subjects:
Tags: Add Tag
No Tags, Be the first to tag this record!
Institutions: Trung tâm Học liệu Lê Vũ Hùng, Trường Đại học Đồng Tháp
LEADER 01203ppm a22002778a 4500
001 00029843
005 20171026081022.0
008 121123s2012 ||||||viesd
041 0 # |a vie 
082 1 4 |b M458S  |a 378.1 
100 1 # |a Văn, Thị Huyền 
245 0 0 |a Một số giải pháp quản lý hoạt động liên kết đào tạo ở trường đại học Đồng Tháp  |b Luận văn thạc sĩ Khoa học giáo dục. Chuyên ngành: Quản lý giáo dục . Mã số: 60 14 05  |c Văn Thị Huyền; Nguyễn Văn Đệ (hướng dẫn) 
260 # # |a Nghệ An  |b Đại học Vinh  |c 2012 
300 # # |a iii, 83 tr.  |c 30cm. 
500 # # |a ĐTTTS ghi: Bộ giáo dục và đào tạo. Trường Đại học Vinh 
653 # # |a Giải pháp quản lý 
653 # # |a Đại học Đồng Tháp 
653 # # |a Luận văn 
653 # # |a Liên kết đào tạo 
700 1 # |a Nguyễn, Văn Đệ  |e Hướng dẫn 
852 # # |b Kho đọc SĐH  |j LV.0000004 
852 # # |j LV.0000004 
910 |d 23/11/2012 
980 # # |a Trung tâm Học liệu Lê Vũ Hùng, Trường Đại học Đồng Tháp